header

Functions of the septo-hippocampal system (Record no. 181773)

MARC details
000 -LEADER
fixed length control field 01575nam a2200361 a 4500
082 04 - DEWEY DECIMAL CLASSIFICATION NUMBER
Classification number 599/.01/88
245 10 - TITLE STATEMENT
Title Functions of the septo-hippocampal system
260 ## - PUBLICATION, DISTRIBUTION, ETC. (IMPRINT)
Place of publication Amsterdam ;
-- New York :
Name of publisher Elsevier/Excerpta Medica/North-Holland,
Year of publication 1978.
300 ## - PHYSICAL DESCRIPTION
Number of Pages viii, 438 p. :
Other physical details ill.
490 1# - SERIES STATEMENT
Series statement Ciba Foundation symposium (new series) ;
500 ## - GENERAL NOTE
General note "Symposium on Functions of the Septo-Hippocampal System, held at the Ciba Foundation, London, 18th-20th October 1977"--Participants page.
650 #0 - SUBJECT ADDED ENTRY--TOPICAL TERM
Topical Term Septum (Brain)
Topical Term Hippocampus (Brain)
856 40 - ELECTRONIC LOCATION AND ACCESS
Uniform Resource Identifier http://site.ebrary.com/lib/rucke/Doc?id=10575657

No items available.

© 2026 Rongo University
Contact us: librarian | system librarian | Rongo university